| 000 | 00617nam a2200181 a 4500 | ||
|---|---|---|---|
| 005 | 20140412111325.0 | ||
| 008 | 000816s19uu xx 00 eng d | ||
| 020 | _a0-590-28286-7 | ||
| 050 |
_aTR(PS E _bIc2 1989 |
||
| 100 | _aAlborough, Jez | ||
| 245 |
_aIce cream bear / _cJez Alborough. |
||
| 260 |
_aNew York : _bScholastic Inc, _c1989. |
||
| 300 | _a1 v. (unp.) ; ill. | ||
| 520 | _aBear like ice cream a lot! So when a marvelous miracle happens and ice cream snow begins to fall from the sky, it's a dream come true. Or is it? | ||
| 650 | _aBears-Fiction | ||
| 650 | _aIce creams-Fiction | ||
| 999 |
_c104550 _d104550 |
||